000 00371nam a22001577a 4500
005 20160905173202.0
008 160905b xxu||||| |||| 00| 0 eng d
020 _a978-81-203-4873-8
041 _aeng
100 _aCHITALE,A.K
_93521
245 _aPRODUCT DESIGN AND MANUFACTURING
260 _bPHI
_c2015
300 _a595
650 _aENGINEERING
_93522
942 _cBK
999 _c5221
_d5219